Statistics for Skillet - Awake and Alive (All Lyrics)

Click here to take the quiz!

General Stats

  • This quiz has been taken 42 times
  • The average score is 292 of 312

Answer Stats

% Correct
Alive
100%
And
100%
Awake
100%
Be
100%
Believe
100%
I
100%
I’m
100%
In
100%
Inside
100%
Is
100%
It’s
100%
Know
100%
My
100%
No
100%
Now
100%
Time
100%
What
100%
Do
96%
Here
96%
I’ll
96%
Life
96%
Right
96%
Want
96%
At
93%
Back
93%
‘Cause
93%
Down
93%
Never
93%
Stand
93%
The
93%
This
93%
Up
93%
Waking
93%
You
93%
Breathe
89%
Can
89%
Dark
89%
Fading
89%
Fast
89%
Ground
89%
Into
89%
Me
89%
With
89%
Arms
85%
As
85%
Faith
85%
Feel
85%
Find
85%
Harder
85%
Last
85%
Pull
85%
Soul
85%
Stay
85%
Strength
85%
Struggle
85%
They
85%
To
85%
Try
85%
War
85%
World
85%
Your
85%
Ain’t
81%
Already
81%
Getting
81%
Giving
81%
Like
81%
Mind
81%
Sell
81%
Sleep
81%
Weak
81%
Will
81%
Again
78%
Can’t
78%
For
78%
Forever
78%
Made
78%
Matter
78%
I’ve
74%
Live
74%
Or
74%
Slipping
74%
Sold
74%
When
74%
Bought
70%
From
70%
Give
70%
Going
70%
Hold
70%
Heart
67%
That
63%

Score Distribution

Percentile by Number Answered

Percent of People with Each Score

Your Score History

You have not taken this quiz